000 00367nam a22001457a 4500
020 _qPB.
040 _cFIZZA ISHAQ
082 _a006.6
_bHEA
100 _aCARITHERS, BAKER HEARN.
_989244
245 _aCOMPUTER GRAPHICS WITH OPEN GL /
_cHEARN,BAKER CARITHERS.
250 _a4th ED.
260 _aLONDON ;
_bPEARSON,
_c2014.
300 _a812 P. ;
942 _2ddc
_cBK
999 _c588049
_d588049